000 00900nam a22002417a 4500
005 20100816160915.0
010 _aENG-100626
020 _a9788184244779
_c450.00
035 _aEN-84159
037 _bDBAD/PUB
082 _a332.710954
100 _aGurdev Singh
_914153
245 _aPerformance of formal rural credit in India /
_cby Gurdev Singh
260 _aNew Delhi
_bAllied Puublishers
_c2009
270 _aA-104 Mayapuri Phase-II
_bNew Delhi
_e110064
300 _axii,156p.
_c23cm (Hb)
500 _ainlude bibliographical references
650 _aAgricultural Credit - Govt. Policy
_914154
650 _aRural Credit - Govt. Policy
_914155
650 _aRural Development
_914156
942 _2ddc
_cEN
_h332.710954
_mGUR
999 _c42226
_d42226